000
00224 a2200097 4500
001
53079
100
_a
Davis H E
245
_a
Testing of Engineering Materials
260
_a
New York
_b
McGraw-Hill
_c
090
_c
33366
_d
33366
942
_a
NUST-CAE
_c
M
_c
25965
999
_c
288152
_d
288152